Arte y cultura en China : conceptos, materiales y términos de la A a la Z /

Guardado en:
Detalles Bibliográficos
Autor principal: Cervera Fernández, Isabel (autor)
Formato: Libro
Idioma:Español
Publicado: Barcelona, España : Serbal, 1997, c1997
Colección:(Cultura Artística ; 12)
Temas:
Etiquetas: Agrega una etiqueta
Sin etiquetas, Sé el primero en etiquetar este registro!

MARC

LEADER 00000nam^a2200000^a^4500
001 000138837
005 20250521000000.0
009 20260310095443.09
020 |a 84-7628-197-8 
037 |a Acervo ITESO - Biblioteca 
041 |a ESP 
082 |a 709. 51  |b CER 
100 |a Cervera Fernández, Isabel  |e (autor) 
245 1 0 |a Arte y cultura en China :  |b conceptos, materiales y términos de la A a la Z /  |c I. Cervera Fernández. 
264 4 |a Barcelona, España :  |b Serbal,  |c 1997, c1997 
300 |a 207 p. 
336 |a texto  |b txt  |2 rdacontenido 
337 |a sin mediación  |b n  |2 rdamedio 
338 |a volumen  |b nc  |2 rdasoporte 
440 1 |a (Cultura Artística ;  |v 12) 
649 |a XX 
650 |a Cultura -  |z China -  |x Historia -  |x Tema Principal 
650 |a Arte Chino -  |x Historia y Crítica -  |x Tema Principal 
650 |a Arte -  |x Historia y Crítica 
650 |a Enciclopedias y Diccionarios 
910 |a Fondo General 
920 |a Impresos - Libros 
930 |a Reserva Especial 
905 |a 103 
901 |a 0500067222  |b IT1  |c REE  |u 20250521 
902 |a https://opac.biblio.iteso.mx/vufind/Record/000138837